000 00591nam a2200217Ia 4500
005 20241129115929.0
008 241129s9999||||xx |||||||||||||| ||und||
020 _a9780745335797
037 _aTB
040 _aSDCL
_beng
_cSDCL
041 _aeng
_2eng
084 _aW:(D), Q9
_qSDCL
100 _aGerbaudo Paolo
_9288165
245 0 _aDigital party : Political organisation and online democracy
260 _aLondon
_bPluto Press
_c2019
300 _a222p.
365 _aGBP
_b18.99
650 _aPolitical Science
942 _cTB
_hW:(D), Q9
999 _c1232627
_d1232627